|
|
|
|
| LEADER |
00000nam0a2200000 4500 |
| 001 |
124700 |
| 005 |
20231101215902.0 |
| 035 |
|
|
|a (RuTPU)RU\TPU\book\134953
|
| 090 |
|
|
|a 124700
|
| 100 |
|
|
|a 20071107d1974 km y0rusy50 ca
|
| 101 |
0 |
|
|a rus
|
| 102 |
|
|
|a RU
|
| 105 |
|
|
|a a z 001zy
|
| 200 |
1 |
|
|a Радиогеохимические исследования
|e методические рекомендации
|f отв. ред. А. А. Смыслов
|
| 210 |
|
|
|a Москва
|c [Б. и.]
|d 1974
|
| 215 |
|
|
|a 144 с.
|c ил.
|
| 316 |
|
|
|5 63413507: КР-7319
|a На форзаце дарственная надпись.
|
| 316 |
|
|
|5 63413507: КР-7319
|a На форзаце владельческая подпись: «Л. Рихванов г. Томск декабрь, 1974 г.»
|
| 317 |
|
|
|5 63413507: КР-7319
|a Поступил в НТБ в 2021 г. в дар от семьи профессора ТПУ Л. П. Рихванова
|
| 320 |
|
|
|a Библиогр.: с. 133-140
|
| 330 |
|
|
|a В первой части книги последовательно изложена методика проведения главнейших видов радиогеохимических исследований: опробование горных пород и полевые гамма-спектрометрические измерения, лабораторные методы определения содержания радиоактивных элементов, математическая обработка результатов геохимических исследований, принципы радиогеохимического районирования и методика построения геохимических карт. Во второй части книги дана характеристика радиогеохимических особенностей геологических формаций складчатых областей, платформ и зон тектоно-магматической активизации, геохимической зональности этих областей. Кроме того, здесь рассмотрено распределение урана и тория в минеральном веществе земной коры на различных уровнях организации: в минералах, горных породах, геологических формациях, структурно-формационных комплексах и слоях литосферы. При разработке принципов и методики составления геохимических карт учитывались главным образом задачи металлогенического районирования и поисков месторождений полезных ископаемых.
|
| 606 |
1 |
|
|a Геохимическая разведка
|2 stltpush
|3 (RuTPU)RU\TPU\subj\6285
|9 34210
|
| 606 |
1 |
|
|a Радиоактивные элементы
|x Месторождения
|2 stltpush
|3 (RuTPU)RU\TPU\subj\22441
|9 47199
|
| 610 |
1 |
|
|a методика
|
| 610 |
1 |
|
|a исследование
|
| 610 |
1 |
|
|a рудоносность
|
| 610 |
1 |
|
|a математическая обработка
|
| 610 |
1 |
|
|a методы изучения
|
| 610 |
1 |
|
|a Библиотека Л. П. Рихванова
|
| 610 |
1 |
|
|a дарственные надписи
|
| 610 |
1 |
|
|a дары библиотеке
|
| 610 |
1 |
|
|a владельческие подписи
|
| 675 |
|
|
|a 550.84
|v 3
|
| 675 |
|
|
|a 553.495
|v 3
|
| 702 |
|
1 |
|a Смыслов
|b А. А.
|4 340
|
| 801 |
|
1 |
|a RU
|b 63413507
|c 20071107
|g PSBO
|
| 801 |
|
2 |
|a RU
|b 63413507
|c 20220829
|g PSBO
|
| 942 |
|
|
|c BK
|